000 00306nam a22001337a 4500
008 170726b xxu||||| |||| 00| 0 eng d
020 _a9780201708721
041 _aeng
080 _a004
100 _a30
101 _aSHK
245 _aDATABASES AND TRANSACTION PROCESSING
_cLEWIS,PH.M
942 _2udc
_cBK
999 _c21916
_d21916